000 00681nam a2200217 i 4500
001 51041
003 ES-MaACL
005 20230906162302.0
007 t|
008 030808s1967 sp ||||1| spa d
100 1 _aChanson, Paul.
_937981
245 1 3 _aEl celibato y los curas /
_cPaul Chanson ; traducción del francés por Eulalio Cortés.
260 _aMadrid :
_bStudium,
_c[1967]
300 _a48 p. ;
_c18 cm.
490 1 _aColeccion "De Pastoral". Serie B ;
_v8
650 0 4 _aSacerdotes.
_916959
700 1 _aCortés, Eulalio.
_940847
830 0 _aColeccion "De Pastoral". Serie B ;
_v8
_9230161
852 _aES-MaACL
_jC-33668
_bR.64262
999 _c51041
_d51041